<?xml version="1.0" encoding="UTF-8"?>
<record
    xmlns:xsi="http://www.w3.org/2001/XMLSchema-instance"
    xsi:schemaLocation="http://www.loc.gov/MARC21/slim http://www.loc.gov/standards/marcxml/schema/MARC21slim.xsd"
    xmlns="http://www.loc.gov/MARC21/slim">

  <leader>01062nam a2200253 i 4500</leader>
  <controlfield tag="001">82839</controlfield>
  <controlfield tag="003">ES-MaACL</controlfield>
  <controlfield tag="005">20250824201935.0</controlfield>
  <controlfield tag="007">t|</controlfield>
  <controlfield tag="008">041112s1983    sp           ||||1| spa d</controlfield>
  <datafield tag="080" ind1=" " ind2=" ">
    <subfield code="a">322(46)"18/19":061.3(46)"1981"</subfield>
  </datafield>
  <datafield tag="111" ind1="0" ind2=" ">
    <subfield code="a">Semana de Historia Eclesi&#xE1;stica de Espa&#xF1;a Contempor&#xE1;nea (</subfield>
    <subfield code="n">6&#xAA;. </subfield>
    <subfield code="d">1981.</subfield>
    <subfield code="c">El Escorial)</subfield>
    <subfield code="9">998</subfield>
  </datafield>
  <datafield tag="245" ind1="1" ind2="0">
    <subfield code="a">Iglesia, sociedad y pol&#xED;tica en la Espa&#xF1;a contempor&#xE1;nea </subfield>
    <subfield code="b">: [ponencias presentadas a la VI Semana de Historia Eclesi&#xE1;stica de Espa&#xF1;a Contempor&#xE1;nea] / </subfield>
    <subfield code="c">M. Espadas Burgos... [et al.].</subfield>
  </datafield>
  <datafield tag="260" ind1=" " ind2=" ">
    <subfield code="a">El Escorial : </subfield>
    <subfield code="b">Ediciones Escurialenses, </subfield>
    <subfield code="c">1983.</subfield>
  </datafield>
  <datafield tag="300" ind1=" " ind2=" ">
    <subfield code="a">407 p. ; </subfield>
    <subfield code="c">21 cm.</subfield>
  </datafield>
  <datafield tag="490" ind1="1" ind2=" ">
    <subfield code="a">Biblioteca la ciudad de Dios. Pax Veritatis ; </subfield>
    <subfield code="v">1</subfield>
  </datafield>
  <datafield tag="490" ind1="1" ind2=" ">
    <subfield code="a">Varios ; </subfield>
    <subfield code="v">34</subfield>
  </datafield>
  <datafield tag="650" ind1=" " ind2="4">
    <subfield code="a">Iglesia y Estado-</subfield>
    <subfield code="z">Espa&#xF1;a-</subfield>
    <subfield code="y">S.XIX-</subfield>
    <subfield code="v">Congresos y asambleas.</subfield>
    <subfield code="9">145993</subfield>
  </datafield>
  <datafield tag="700" ind1="1" ind2=" ">
    <subfield code="a">Espadas Burgos, Manuel.</subfield>
    <subfield code="9">47744</subfield>
  </datafield>
  <datafield tag="830" ind1="0" ind2="0">
    <subfield code="a">Biblioteca la ciudad de Dios</subfield>
    <subfield code="v">1</subfield>
    <subfield code="9">187490</subfield>
  </datafield>
  <datafield tag="830" ind1="0" ind2=" ">
    <subfield code="a">Varios ; </subfield>
    <subfield code="v">34</subfield>
    <subfield code="9">228361</subfield>
  </datafield>
  <datafield tag="852" ind1=" " ind2=" ">
    <subfield code="a">ES-MaACL</subfield>
    <subfield code="j">C-54791 </subfield>
    <subfield code="b">R.104834</subfield>
  </datafield>
  <datafield tag="999" ind1=" " ind2=" ">
    <subfield code="c">82839</subfield>
    <subfield code="d">82839</subfield>
  </datafield>
  <datafield tag="952" ind1=" " ind2=" ">
    <subfield code="0">0</subfield>
    <subfield code="1">0</subfield>
    <subfield code="4">0</subfield>
    <subfield code="7">0</subfield>
    <subfield code="a">ATENEOM</subfield>
    <subfield code="b">ATENEOM</subfield>
    <subfield code="c">DEPO2</subfield>
    <subfield code="d">2008-01-17</subfield>
    <subfield code="e">SC</subfield>
    <subfield code="l">0</subfield>
    <subfield code="o">C-54791</subfield>
    <subfield code="p">1086572</subfield>
    <subfield code="r">2023-02-23 00:00:00</subfield>
    <subfield code="w">2023-02-23</subfield>
    <subfield code="y">MONOGRAFIA</subfield>
  </datafield>
</record>
